00653nam a2200157 a 4500008004100000050001800041100001900059245002300078246002600101260003000127300001400157350000900171995014900180995014900329999001700478120416s1977 ||||||||||||||||| || u aHF 5415.3 How aHoward, John A10aConsumer behaviour aapplication of theory aLondonbMcGraw-Hillc1977 aix, 323p. a0.00 aMAIN LIBRARY OPEN ACCESSD0.00e005709FCBU-MAIN LIBRARY (Kitwe)H1I0.00jHF 5415.3 HowUAVAILABLEy005709ZMain Library Open Access Collection aMAIN LIBRARY OPEN ACCESSD0.00e005710FCBU-MAIN LIBRARY (Kitwe)H2I0.00jHF 5415.3 HowUAVAILABLEy005710ZMain Library Open Access Collection c79864d79864